Normas de auditoria generalmente aceptadas (Registro nro. 2118)
[ vista simple ]
| 000 -LEADER | |
|---|---|
| fixed length control field | 00995 a2200193 4500 |
| 001 - CONTROL NUMBER | |
| control field | 30746 |
| 005 - DATE AND TIME OF LATEST TRANSACTION | |
| control field | 20260407155616.0 |
| 008 - FIXED-LENGTH DATA ELEMENTS--GENERAL INFORMATION | |
| fixed length control field | 260407a1974 arg spa d |
| 003 - CONTROL NUMBER IDENTIFIER | |
| control field | AR-UNSa-BCEJYS |
| 040 ## - CATALOGING SOURCE | |
| Original cataloging agency | AR-UNSa-BCEJYS |
| Language of cataloging | spa |
| Transcribing agency | AR-UNSa-BCEJYS |
| 080 ## - UNIVERSAL DECIMAL CLASSIFICATION NUMBER | |
| Universal Decimal Classification number | 657.6 |
| Common auxiliary subdivision | Auditoria (control interno) |
| 100 1# - MAIN ENTRY--PERSONAL NAME | |
| Personal name | Dell´Elce, Quintino P. |
| 245 10 - TITLE STATEMENT | |
| Title | Normas de auditoria generalmente aceptadas |
| 264 #1 - PRODUCTION, PUBLICATION, DISTRIBUTION, MANUFACTURE, AND COPYRIGHT NOTICE | |
| Place of production, publication, distribution, manufacture | Buenos Aires : |
| Name of producer, publisher, distributor, manufacturer | El Coloquio |
| Date of production, publication, distribution, manufacture, or copyright notice | 1974 |
| 300 ## - PHYSICAL DESCRIPTION | |
| Extent | 56 p. |
| Dimensions | 21 cm. |
| 505 ## - FORMATTED CONTENTS NOTE | |
| Formatted contents note | 1. Que son las normas de auditoría generalmente aceptadas? - 2. Introducción - 3. Antecedentes normativos - 4. Normas de auditoría: Nuevas resoluciones y disposiciones reemplazadas - 5. Normas sobre emisión de dictámenes - 6. Instituto técnico de contadores públicos - 7. Ambito de los consejos profesionales de ciencias económicas - 8. Entes públicos y privados - 9. Situación existente en la capital federal - 10. Conclusiones generales. |
| 590 ## - LOCAL NOTE (RLIN) | |
| Local note | niveau_biblio:m niveau_hierar:0 |
| 942 ## - ADDED ENTRY ELEMENTS (KOHA) | |
| Koha item type | |
| Withdrawn status | Lost status | Damaged status | Not for loan | Home library | Current library | Shelving location | Date acquired | Total checkouts | Full call number | Barcode | Date last seen | Price effective from | Koha item type |
|---|---|---|---|---|---|---|---|---|---|---|---|---|---|
| Biblioteca Prof. Eusebio Cleto del Rey | Biblioteca Prof. Eusebio Cleto del Rey | 07/04/2026 | 657.6 D357 | L12590 | 07/04/2026 | 07/04/2026 | Libro | ||||||
| Biblioteca Prof. Eusebio Cleto del Rey | Biblioteca Prof. Eusebio Cleto del Rey | 07/04/2026 | 657.6 D357 | L12591 | 07/04/2026 | 07/04/2026 | Libro |